00740cam a2200229 a 450000100100000000500170001000800410002702000150006804000250008308200170010810000400012524500340016526000370019930000210023644000230025765000290028065000310030991000280034091000070036895201200037599900150049500000487420200929151526.0830917s1974 sp 001 0 spa  a8432238155 aDO-SdBNPbspacBNPHU a861.6bG958c1 aGuillén, Jorge,d1893-198491198210aCántico /cJorge Guillén. aBarcelona :bSeix Barral,c1974. a246 p. ;c20 cm. 0aMayor ;v20914111 4aPoesía española9631 4aLiteratura española9632 aCatalogación derivada aWM 001052708MOaGRbGRcHDd2009-07-27iLF1l0o861.6 G958cp4874-10r2020-06-25w2020-06-25y2ZPréstamo interno c4680d4680